Merged Flags #3 - Statistics

General Stats
  • This quiz has been taken 1,856 times
  • The average score is 19 of 28
Answer Stats
Hint Answer % Correct
Estonia
95%
Nepal
95%
Niger
94%
Uruguay
92%
Argentina
91%
Nigeria
90%
Ethiopia
88%
Papua New Guinea
84%
Mexico
83%
Lesotho
79%
Mozambique
78%
Sri Lanka
74%
Kuwait
71%
Cape Verde
69%
Tajikistan
68%
Uganda
64%
Austria
63%
Guatemala
60%
Belize
58%
Mauritius
57%
Azerbaijan
56%
Malaysia
54%
Saint Kitts and Nevis
53%
East Timor
51%
Tuvalu
48%
Zimbabwe
46%
Oman
44%
Montenegro
18%
No matching quizzes found
Score Distribution
Percent of People with Each Score
Percentile by Number Answered
Your Score History
You have not taken this quiz